Podpora inovačných aktivít podnikov prostredníctvom leasingu

Leasing, výhody a nevýhody jeho využívania. Využívanie leasingu na financovanie inovačných aktivít podnikov vo vybraných krajinách - V4, Nemecko, Fínsko.

Salvato in:
Dettagli Bibliografici
Autore principale: Spišáková, Emília, 1983-
Natura: Capitolo di libro
Lingua:slovacco
Soggetti:
Tags: Aggiungi Tag
Nessun Tag, puoi essere il primo ad aggiungerne!!

MARC

LEADER 00000nla$a2200000$$$4500
001 0128712
005 20240502072457.1
041 0 |a slo 
044 |a SK 
245 1 0 |a Podpora inovačných aktivít podnikov prostredníctvom leasingu  |c Emília Spišáková 
520 |a Leasing, výhody a nevýhody jeho využívania. Využívanie leasingu na financovanie inovačných aktivít podnikov vo vybraných krajinách - V4, Nemecko, Fínsko. 
610 2 0 |a financovanie podnikov 
610 2 0 |a zdroje finančné 
610 2 0 |a inovácia 
610 2 0 |a lízing finančný 
100 1 |a Spišáková, Emília, 1983-